Elsa Schneider / Sergi Belbel ; pròleg de Jordi Castellanos
Publicado:
Barcelona . Institut del Teatre de la Diputació de Barcelona :
1988
Descripción Física:
86 p. ; 17'5 cm
Colección:
Biblioteca teatral ; 62
Otros Autores:
Castellanos, Jordi, pr
MARC
| LEADER | 00000nam a2200000Ia 4500 | ||
|---|---|---|---|
| 001 | 8376 | ||
| 008 | 160829s1988 xx 000 0 cat d | ||
| 080 | |a L-1-247 | ||
| 100 | |a Belbel, Sergi, |d 1963- |9 35428 | ||
| 245 | |a Elsa Schneider / Sergi Belbel ; pròleg de Jordi Castellanos | ||
| 260 | |a Barcelona . Institut del Teatre de la Diputació de Barcelona, |c 1988 | ||
| 300 | |a 86 p. ; |c 17'5 cm | ||
| 490 | |a Biblioteca teatral ; 62 | ||
| 590 | |a Premi Ignasi Iglesias 1987 | ||
| 700 | |a Castellanos, Jordi, pr. |9 35429 | ||
| 710 | 1 | |a Institut del Teatre (Barcelona, Catalunya) |9 52662 | |
| 901 | |a Arxiu | ||
| 942 | |n 1 | ||
| 952 | |0 0 |1 0 |4 0 |6 L1247 |7 1 |9 46898 |a Arxiu |b Arxiu |d 2016-12-01 |l 0 |o L-1-247 |p 8376 |r 2016-12-01 00:00:00 |w 2016-12-01 |y ARXIU | ||
| 999 | |c 50691 |d 50691 | ||